Loading...
Meditations
| Main Author: | |
|---|---|
| Format: | Printed Book |
| Language: | English |
| Published: |
London :
Dent ,
c1967.
|
| LEADER | 00438nam a22001337a 4500 | ||
|---|---|---|---|
| 008 | 170304b xxu||||| |||| 00| 0 eng d | ||
| 020 | |a 0460010093 | ||
| 100 | |a Aurelius, Marcus | ||
| 245 | |a Meditations | ||
| 260 | |a London : |b Dent , |c c1967. | ||
| 300 | |b 237p. | ||
| 942 | |c BK | ||
| 999 | |c 196248 |d 196248 | ||
| 952 | |0 0 |1 0 |4 0 |6 188_000000000000000_AUR_M |7 0 |9 216851 |a ENG |b ENG |c ST1 |d 2017-03-04 |i 9224 |l 1 |o 188 AUR/M |p ENG9224 |r 2019-05-30 |s 2019-05-04 |w 2018-08-21 |y BK | ||